Statistics for Secret Bordering Country Puzzle #2

Click here to take the quiz!

General Stats

  • This quiz has been taken 362 times
  • The average score is 25 of 31

Answer Stats

Common BorderCountry% Correct
LaosChina
94%
BRAZILBRAZIL
91%
BrazilFrance
90%
LAOSLAOS
90%
BrazilArgentina
88%
BrazilBolivia
87%
LaosThailand
87%
LaosVietnam
87%
BrazilParaguay
86%
BrazilSuriname
86%
BrazilUruguay
86%
BrazilVenezuela
86%
BrazilColombia
85%
TanzaniaDR Congo
85%
BrazilGuyana
85%
BrazilPeru
85%
LaosCambodia
84%
LaosBurma
83%
TANZANIATANZANIA
83%
TanzaniaKenya
81%
TanzaniaUganda
80%
TanzaniaRwanda
78%
TanzaniaBurundi
76%
TanzaniaMozambique
76%
TanzaniaZambia
76%
TanzaniaMalawi
74%
GuatemalaMexico
72%
GUATEMALAGUATEMALA
71%
GuatemalaHonduras
69%
GuatemalaBelize
68%
GuatemalaEl Salvador
67%

Score Distribution

Percentile by Number Answered

Percent of People with Each Score

Your Score History

You have not taken this quiz